| 000 | 00837cam a2200313 a 4500 | ||
|---|---|---|---|
| 001 | 16737733 | ||
| 003 | OSt | ||
| 005 | 20140310184430.0 | ||
| 008 | 110415s2010 nyu j 000 1 eng | ||
| 010 | _a 2011411040 | ||
| 020 | _a9780545258401 | ||
| 040 |
_aDLC _cDLC |
||
| 042 |
_alcac _apcc |
||
| 050 |
_aPZ 7 _b.Am513To 2010 |
||
| 100 | 1 |
_aAmes, Ruth. _926408 |
|
| 245 | 1 | 0 |
_aThis totally bites! / _cRuth Ames. |
| 260 |
_aNew York : _bScholastic, _c2010. |
||
| 300 |
_a184 p. ; _c20 cm. |
||
| 521 | _aG5 | ||
| 526 | _c740 | ||
| 562 | _eFor circulation two copies in the collection | ||
| 650 |
_aFiction _xJuvenile _930048 |
||
| 906 |
_a0 _bibc _corignew _d2 _encip _f20 _gy-gencatlg |
||
| 942 |
_2lcc _cBK-SCHOLAS |
||
| 999 |
_c34345 _d34345 |
||